000 00315nam a2200133Ia 4500
005 20251222155145.0
008 251222s9999||||xx |||||||||||||| ||spa||
082 _aADM.89
100 _aSineace
245 0 _aNormas de competencia del encofrador con madera
250 _a1ra. ed.
264 _bIpeba
942 _cLIB
999 _c39355
_d39355